000 00554nam a22001817a 4500
003 OSt
005 20240716122326.0
008 240716b |||||||| |||| 00| 0 eng d
020 _a9781842778357
040 _cMUST
082 _a320.6 POL 2007
100 _aedited by Jose Antonio Ocampo ...[ et al ]
_918757
245 _aPOLICY MATTERS
_bEconomic and Social policies to sustain Equitable Development
_cedited by Jose Antonio Ocampo ...[ et al ]
300 _axv, 347p.
_bill.
_c24cm
504 _aindexes
650 _2Economics
942 _2ddc
_cO_SHELF
999 _c9194
_d9194